English skills with readings. (Record no. 16681)
[ view plain ]
| 000 -LEADER | |
|---|---|
| fixed length control field | 00672nam a2200265Ia 4500 |
| 001 - CONTROL NUMBER | |
| control field | AUWbook000480 |
| 003 - CONTROL NUMBER IDENTIFIER | |
| control field | BDCtgAUW |
| 005 - DATE AND TIME OF LATEST TRANSACTION | |
| control field | 20260406154848.0 |
| 008 - FIXED-LENGTH DATA ELEMENTS--GENERAL INFORMATION | |
| fixed length control field | 220908s9999 xx 000 0 eng d |
| 020 ## - INTERNATIONAL STANDARD BOOK NUMBER | |
| International Standard Book Number | 0072480033 |
| 040 ## - CATALOGING SOURCE | |
| Original cataloging agency | BDCtgAUW |
| Transcribing agency | BDCtgAUW |
| 050 ## - LIBRARY OF CONGRESS CALL NUMBER | |
| Classification number | PE1408.L3182 |
| 100 1# - MAIN ENTRY--PERSONAL NAME | |
| Personal name | Langan, John. |
| 245 #0 - TITLE STATEMENT | |
| Title | English skills with readings. |
| 250 ## - EDITION STATEMENT | |
| Edition statement | Fifth edition. |
| 260 ## - PUBLICATION, DISTRIBUTION, ETC. | |
| Place of publication, distribution, etc. | Boston : |
| Name of publisher, distributor, etc. | McGraw-Hill, |
| Date of publication, distribution, etc. | 2002. |
| 650 #0 - SUBJECT ADDED ENTRY--TOPICAL TERM | |
| Topical term or geographic name entry element | College readers. |
| 650 #0 - SUBJECT ADDED ENTRY--TOPICAL TERM | |
| Topical term or geographic name entry element | English language. |
| 650 #0 - SUBJECT ADDED ENTRY--TOPICAL TERM | |
| Topical term or geographic name entry element | English language |
| Form subdivision | Grammar. |
| 650 #0 - SUBJECT ADDED ENTRY--TOPICAL TERM | |
| Topical term or geographic name entry element | English language |
| General subdivision | Rhetoric. |
| 9 (RLIN) | 72898 |
| 887 ## - NON-MARC INFORMATION FIELD | |
| Content of non-MARC field | BRAC |
| Source of data | 2982 |
| 888 ## - | |
| -- | 2982 |
| 942 ## - ADDED ENTRY ELEMENTS (KOHA) | |
| Koha item type | Books |
| Koha issues (borrowed), all copies | 9 |
| 945 ## - LOCAL PROCESSING INFORMATION (OCLC) | |
| c | BK |
No items available.